000 004600000a22001690004500
003 MACL
005 20151216163542.0
008 151216b xxu||||| |||| 00| 0 eng d
040 _aMACL
_cMACL
041 _aEnglish
082 _a030/CAV
100 _aMarshall Cavendish Corporation
_920532
245 _aEncyclopedia of Mammals
_bVol 17 Index
260 _bMarshall Cavendish Corporation
_c1997
650 _aEncyclopaedia
_920533
942 _cBK
_k030/CAV
_2ddc
999 _c39916
_d39916